Heaviest Living Reptiles - Statistics

General Stats
  • This quiz has been taken 147 times
  • The average score is 6 of 15
Answer Stats
Hint Answer % Correct
450kg Saltwater crocodile
92%
410kg Nile crocodile
87%
240kg American alligator
69%
335kg American crocodile
49%
250kg Gharial
46%
350kg Black caiman
42%
364kg Leatherback sea turtle
42%
195kg Galapagos Tortoise
41%
190kg Green sea turtle
39%
210kg False gharial
27%
200kg Loggerhead sea turtle
27%
225kg Mugger crocodile
27%
380kg Orinoco crocodile
22%
205kg Aldabra giant tortoise
17%
180kg Slender-snouted crocodile
14%
No matching quizzes found
Score Distribution
Percent of People with Each Score
Percentile by Number Answered
Your Score History
You have not taken this quiz